header

Deleuze and Guattari (Record no. 172)

MARC details
000 -LEADER
fixed length control field 01475pam a2200397Ia 4500
100 1# - MAIN ENTRY--AUTHOR NAME
Personal name Bogue, Ronald,
245 10 - TITLE STATEMENT
Title Deleuze and Guattari
260 ## - PUBLICATION, DISTRIBUTION, ETC. (IMPRINT)
Place of publication London ;
-- New York :
Name of publisher Routledge,
Year of publication c1989.
300 ## - PHYSICAL DESCRIPTION
Number of Pages xiii, 196 p.
490 1# - SERIES STATEMENT
Series statement Critics of the twentieth century
650 #0 - SUBJECT ADDED ENTRY--TOPICAL TERM
Topical Term Literature, Modern
Topical Term Criticism.
Topical Term Philosophy, Modern
Topical Term Psychoanalysis and literature.
Topical Term Deconstruction.
Topical Term Structuralism (Literary analysis)
856 40 - ELECTRONIC LOCATION AND ACCESS
Uniform Resource Identifier http://site.ebrary.com/lib/rucke/Doc?id=5003538

No items available.

© 2026 Rongo University
Contact us: librarian | system librarian | Rongo university